000
00265nam a2200109Ia 4500
001
1272283
005
20260417151425.0
008
260417s9999 xx 000 0 und d
020
_a
9786256910072
245
0
_a
Muhammed Ali
_c
Beliz Yüksel
260
_b
Ketebe Çocuk
999
_c
1272283
_d
1272283